[Event "Valle Region-ch U20 Girls"]
[Site "Cali"]
[Date "2017.02.17"]
[Round "2.3"]
[White "Cardoso Cardoso, Jaidy Marcela"]
[Black "Giraldo Osorio, Jimena"]
[Result "1-0"]
[WhiteElo "1776"]
[BlackElo "1221"]
[PlyCount "23"]
[EventDate "2017.02.17"]
[EventType "swiss"]
[EventRounds "7"]
[EventCountry "COL"]
[SourceTitle "EXT 2024"]
[Source "ChessBase"]
[SourceDate "2023.10.10"]
[SourceVersion "1"]
[SourceVersionDate "2023.10.10"]
[SourceQuality "1"]

1. d4 Nc6 2. e4 e5 3. d5 Nd4 4. Nf3 Nxf3+ 5. Qxf3 Nf6 6. Nc3 Bc5 7. h3 0-0 8. Bg5 Be7 9. Be2 h6 10. Be3 d6 11. Qg3 g6 12. Bxh6 1-0

[Event "COL sub zt 2.3.4 (Women)"]
[Site "La Dorada"]
[Date "2016.11.04"]
[Round "5"]
[White "Giraldo Osorio, Jimena"]
[Black "Andrade, Maria Alejandra"]
[Result "0-1"]
[WhiteElo "1259"]
[BlackElo "1786"]
[PlyCount "90"]
[EventDate "2016.11.02"]
[EventType "swiss"]
[EventRounds "9"]
[EventCountry "COL"]
[SourceTitle "CBM 175 Extra"]
[Source "ChessBase"]
[SourceDate "2016.12.12"]
[SourceVersion "1"]
[SourceVersionDate "2016.12.12"]
[SourceQuality "1"]

1. e4 c5 2. Nf3 d6 3. Bb5+ Bd7 4. Bxd7+ Qxd7 5. 0-0 Nc6 6. Nc3 g6 7. d4 cxd4 8. Nxd4 Bg7 9. Ndb5 a6 10. Na3 Nf6 11. Nc4 Qc7 12. Bf4 Ne5 13. Nxe5 dxe5 14. Bg5 0-0 15. Qd2 Rad8 16. Qe3 Rfe8 17. Rfe1 b5 18. Bh6 Ng4 19. Qe2 Nxh6 20. h3 Qc4 21. Qxc4 bxc4 22. Na4 Rd2 23. Rac1 Rb8 24. b3 cxb3 25. axb3 f5 26. exf5 Nxf5 27. Nc3 Rc8 28. Ne4 Rdxc2 29. Rxc2 Rxc2 30. Ra1 Rb2 31. Nc5 Nd4 32. Rxa6 Nxb3 33. Ra8+ Kf7 34. Ne4 h6 35. Nc3 Nd4 36. Ra7 Ne2+ 37. Nxe2 Rxe2 38. Ra3 e4 39. f3 e3 40. f4 Re1+ 41. Kh2 e2 42. Re3 Bc3 43. Rxc3 Rh1+ 44. Kxh1 e1Q+ 45. Kh2 Qxc3 0-1